Connections part 2!!!! - Statistics

General Stats
  • This quiz has been taken 4 times
  • The average score is 11 of 64
Answer Stats
Question Tile Select % Correct
gl Butter No
50%
gl Cardboard No
50%
gl Oxygen No
50%
gl Photon No
50%
gl Pufferfish Yes
50%
gl Watermelon No
50%
gl Yarn No
50%
gl Arsenic Yes
25%
gl Avatar No
25%
gl Bangladesh No
25%
gl Breaking No
25%
gl Century No
25%
gl Craft No
25%
gl Crown No
25%
gl Dandelion No
25%
gl Dogman Yes
25%
gl Epic No
25%
gl Explain No
25%
gl Genesis Yes
25%
gl Gold No
25%
gl Hemlock Yes
25%
gl Instant No
25%
gl Lost No
25%
gl Methanol Yes
25%
gl Milk No
25%
gl Numbers Yes
25%
gl Oblivious No
25%
gl Oil No
25%
gl Ouroboros Yes
25%
gl Pinocchio Yes
25%
gl Redemption No
25%
gl Store No
25%
gl Tabloid No
25%
gl Tomorrow No
25%
gl Under No
25%
gl Web No
25%
gl Alcohol No
0%
gl Amazing No
0%
gl Annoying No
0%
gl Call No
0%
gl Cop Yes
0%
gl Cows Yes
0%
gl Eon Yes
0%
gl French No
0%
gl Friend No
0%
gl Frontier No
0%
gl Fruit No
0%
gl Group No
0%
gl Hellfire No
0%
gl Hello No
0%
gl Holding No
0%
gl Ink No
0%
gl Menace Yes
0%
gl Mines No
0%
gl Option No
0%
gl Orange No
0%
gl Racket No
0%
gl Real No
0%
gl Round No
0%
gl Sting No
0%
gl Strong No
0%
gl Tower Yes
0%
gl Toxic Yes
0%
gl Wow Yes
0%
No matching quizzes found
Score Distribution
Percent of People with Each Score
Percentile by Number Answered
Your Score History
You have not taken this quiz